[Event "Ekstraliga 2021"]
[Site "Legnica"]
[Date "2021.10.10"]
[Round "9.1"]
[White "Druska, Juraj"]
[Black "Nguyen, Thai Dai Van"]
[Result "1/2-1/2"]
[BlackElo "2577"]
[WhiteElo "2506"]
[WhiteTeam "Dwie Wieze Krakow"]
[BlackTeam "Miedz Legnica"]
[LiveChessVersion "1.4.8"]

1. d4 {[%clk 1:22:24]} Nf6 {[%clk 1:29:16]} 2. Nf3 {[%clk 1:22:42]} d5
{[%clk 1:29:38]} 3. e3 {[%clk 1:23:05]} c5 {[%clk 1:28:46]} 4. c3
{[%clk 1:23:14]} Nbd7 {[%clk 1:27:13]} 5. c4 {[%clk 1:23:34]} dxc4
{[%clk 1:26:46]} 6. Bxc4 {[%clk 1:21:33]} e6 {[%clk 1:27:01]} 7. O-O
{[%clk 1:20:50]} a6 {[%clk 1:27:01]} 8. a4 {[%clk 1:20:53]} Bd6 {[%clk 1:21:21]}
9. Nc3 {[%clk 1:14:50]} O-O {[%clk 1:19:55]} 10. Qe2 {[%clk 1:10:40]} b6
{[%clk 0:55:56]} 11. b3 {[%clk 0:51:44]} Bb7 {[%clk 0:53:57]} 12. Bb2
{[%clk 0:51:28]} cxd4 {[%clk 0:53:41]} 13. exd4 {[%clk 0:50:39]} Qc7
{[%clk 0:47:24]} 14. Rfe1 {[%clk 0:38:49]} Bxf3 {[%clk 0:46:01]} 15. Qxf3
{[%clk 0:39:14]} Bxh2+ {[%clk 0:46:27]} 16. Kh1 {[%clk 0:39:36]} Bd6
{[%clk 0:41:38]} 17. Rac1 {[%clk 0:39:53]} Bb4 {[%clk 0:39:41]} 18. g4
{[%clk 0:35:09]} Qd6 {[%clk 0:36:25]} 19. g5 {[%clk 0:26:04]} Nd5
{[%clk 0:33:53]} 20. Re4 {[%clk 0:25:26]} Bxc3 {[%clk 0:30:34]} 21. Bxc3
{[%clk 0:25:49]} Rfc8 {[%clk 0:30:20]} 22. Kg2 {[%clk 0:18:10]} b5
{[%clk 0:27:23]} 23. axb5 {[%clk 0:18:15]} axb5 {[%clk 0:27:47]} 24. Bxb5
{[%clk 0:15:22]} Rxc3 {[%clk 0:23:11]} 25. Rxc3 {[%clk 0:15:41]} Nxc3
{[%clk 0:23:38]} 26. Qxc3 {[%clk 0:15:46]} Qd5 {[%clk 0:24:00]} 27. Bc6
{[%clk 0:12:14]} Qxg5+ {[%clk 0:23:59]} 28. Qg3 {[%clk 0:12:00]} Qxg3+
{[%clk 0:24:24]} 29. fxg3 {[%clk 0:12:27]} Rd8 {[%clk 0:20:22]} 30. Bxd7
{[%clk 0:12:24]} Rxd7 {[%clk 0:20:50]} 31. Kf3 {[%clk 0:12:44]} Kf8
{[%clk 0:20:48]} 32. Ke2 {[%clk 0:13:00]} Ke7 {[%clk 0:19:04]} 33. Kd3
{[%clk 0:12:30]} f6 {[%clk 0:18:33]} 34. Kc4 {[%clk 0:10:15]} Rc7+
{[%clk 0:18:00]} 35. Kd3 {[%clk 0:10:19]} Rc1 {[%clk 0:17:11]} 36. Re2
{[%clk 0:07:43]} Rg1 {[%clk 0:17:35]} 37. Kc4 {[%clk 0:04:54]} h5
{[%clk 0:09:50]} 38. Ra2 {[%clk 0:01:50]} f5 {[%clk 0:01:30]} 39. b4
{[%clk 0:01:41]} Rxg3 {[%clk 0:01:39]} 40. b5 {[%clk 0:31:34]} Rg1
{[%clk 0:30:56]} 41. Rb2 {[%clk 0:31:08]} Rc1+ {[%clk 0:30:28]} 42. Kd3
{[%clk 0:31:09]} h4 {[%clk 0:22:13]} 43. b6 {[%clk 0:27:06]} Rc8 {[%clk 0:22:24]}
44. d5 {[%clk 0:24:47]} exd5 {[%clk 0:06:02]} 45. Kd4 {[%clk 0:24:58]} Kf6
{[%clk 0:05:27]} 46. Kxd5 {[%clk 0:20:56]} Rd8+ {[%clk 0:03:26]} 47. Kc6
{[%clk 0:20:57]} g5 {[%clk 0:03:46]} 48. Kc7 {[%clk 0:20:51]} Rh8
{[%clk 0:03:08]} 49. b7 {[%clk 0:15:44]} h3 {[%clk 0:01:07]} 50. Rd2
{[%clk 0:16:05]} f4 {[%clk 0:00:34]} 51. Rd6+ {[%clk 0:06:28]} Kg7
{[%clk 0:01:03]} 52. Rd8 {[%clk 0:03:41]} Rxd8 {[%clk 0:01:31]} 53. Kxd8
{[%clk 0:04:07]} h2 {[%clk 0:01:56]} 54. b8=Q {[%clk 0:04:33]} h1=Q
{[%clk 0:02:21]} 55. Qe5+ {[%clk 0:04:51]} Kg6 {[%clk 0:02:41]} 56. Qe8+
{[%clk 0:05:06]} Kf5 {[%clk 0:02:19]} 57. Qd7+ {[%clk 0:05:27]} Ke5
{[%clk 0:02:06]} 58. Qg7+ {[%clk 0:05:35]} Kd6 {[%clk 0:01:07]} 59. Qc7+
{[%clk 0:05:11]} Ke6 {[%clk 0:01:35]} 60. Qe7+ {[%clk 0:05:28]} Kf5
{[%clk 0:02:00]} 61. Qd7+ {[%clk 0:05:47]} Kg6 {[%clk 0:01:15]} 62. Qe8+
{[%clk 0:05:58]} Kf6 {[%clk 0:00:55]} 1/2-1/2

[Event "Ekstraliga 2021"]
[Site "Legnica"]
[Date "2021.10.10"]
[Round "9.2"]
[White "Kempinski, Robert"]
[Black "Leniart, Arkadiusz"]
[Result "1/2-1/2"]
[BlackElo "2465"]
[WhiteElo "2565"]
[WhiteTeam "Miedz Legnica"]
[BlackTeam "Dwie Wieze Krakow"]
[LiveChessVersion "1.4.8"]

1. d4 {[%clk 1:30:52]} d5 {[%clk 1:30:55]} 2. Nf3 {[%clk 1:30:04]} Nf6
{[%clk 1:31:14]} 3. c4 {[%clk 1:30:12]} e6 {[%clk 1:31:38]} 4. Nc3
{[%clk 1:29:12]} Be7 {[%clk 1:32:04]} 5. Bf4 {[%clk 1:27:41]} O-O
{[%clk 1:32:08]} 6. e3 {[%clk 1:25:57]} Nbd7 {[%clk 1:32:26]} 7. a3
{[%clk 1:25:08]} c5 {[%clk 1:32:07]} 8. cxd5 {[%clk 1:25:11]} Nxd5
{[%clk 1:32:33]} 9. Nxd5 {[%clk 1:25:22]} exd5 {[%clk 1:33:00]} 10. dxc5
{[%clk 1:25:39]} Nxc5 {[%clk 1:33:26]} 11. Be5 {[%clk 1:25:30]} Bf6
{[%clk 1:27:32]} 12. Bxf6 {[%clk 1:24:42]} Qxf6 {[%clk 1:27:53]} 13. Qd4
{[%clk 1:25:03]} Qxd4 {[%clk 1:13:13]} 14. Nxd4 {[%clk 1:25:07]} Be6
{[%clk 1:05:04]} 15. f3 {[%clk 1:22:34]} Rac8 {[%clk 1:01:57]} 16. Kd2
{[%clk 1:21:08]} Bd7 {[%clk 0:58:24]} 17. Rc1 {[%clk 1:17:25]} Ne6
{[%clk 0:53:32]} 18. Bd3 {[%clk 1:11:32]} Nxd4 {[%clk 0:53:41]} 19. exd4
{[%clk 1:11:53]} Be6 {[%clk 0:38:36]} 20. f4 {[%clk 1:04:09]} f5 {[%clk 0:32:20]}
21. Rce1 {[%clk 0:53:28]} Kf7 {[%clk 0:29:11]} 22. Re5 {[%clk 0:53:40]} g6
{[%clk 0:29:13]} 23. Rhe1 {[%clk 0:51:49]} Rc6 {[%clk 0:28:42]} 24. Bc2
{[%clk 0:48:51]} Rfc8 {[%clk 0:21:50]} 25. Bb3 {[%clk 0:43:15]} Rb6
{[%clk 0:21:14]} 26. R1e3 {[%clk 0:42:53]} Kf6 {[%clk 0:20:01]} 27. Rc3
{[%clk 0:42:18]} Rxc3 {[%clk 0:20:00]} 28. Kxc3 {[%clk 0:42:39]} Rc6+
{[%clk 0:20:09]} 29. Kd2 {[%clk 0:42:42]} Rb6 {[%clk 0:20:14]} 30. Kc2
{[%clk 0:42:11]} Rc6+ {[%clk 0:20:19]} 31. Kb1 {[%clk 0:41:39]} Rd6
{[%clk 0:20:44]} 32. g3 {[%clk 0:36:16]} h6 {[%clk 0:20:28]} 33. Ba2
{[%clk 0:33:35]} Rd7 {[%clk 0:19:36]} 34. Kc2 {[%clk 0:33:21]} Ke7
{[%clk 0:19:53]} 35. Kd2 {[%clk 0:32:41]} Kd6 {[%clk 0:20:06]} 36. Bb1
{[%clk 0:32:38]} Rf7 {[%clk 0:19:26]} 37. Bd3 {[%clk 0:30:50]} Rg7
{[%clk 0:18:14]} 38. Ke3 {[%clk 0:30:05]} Rg8 {[%clk 0:16:42]} 39. Kf2
{[%clk 0:29:06]} Rf8 {[%clk 0:16:11]} 40. Re2 {[%clk 0:58:24]} Ke7
{[%clk 0:44:38]} 41. Ke3 {[%clk 0:53:55]} Rg8 {[%clk 0:43:46]} 42. Re1
{[%clk 0:50:51]} Kf6 {[%clk 0:42:27]} 43. Kd2 {[%clk 0:50:10]} Rc8
{[%clk 0:42:39]} 44. Re5 {[%clk 0:49:40]} Rg8 {[%clk 0:41:25]} 45. Be2
{[%clk 0:49:33]} Rg7 {[%clk 0:39:22]} 46. Bf3 {[%clk 0:46:18]} Rd7
{[%clk 0:39:44]} 47. Kc3 {[%clk 0:45:13]} Rd6 {[%clk 0:38:25]} 48. b4
{[%clk 0:41:38]} Rd8 {[%clk 0:36:21]} 49. Kd2 {[%clk 0:41:01]} h5
{[%clk 0:30:44]} 50. h4 {[%clk 0:27:25]} 1/2-1/2

[Event "Ekstraliga 2021"]
[Site "Legnica"]
[Date "2021.10.10"]
[Round "9.3"]
[White "Zwardon, Vojtech"]
[Black "Heberla, Bartlomiej"]
[Result "1-0"]
[BlackElo "2558"]
[WhiteElo "2470"]
[WhiteTeam "Dwie Wieze Krakow"]
[BlackTeam "Miedz Legnica"]
[LiveChessVersion "1.4.8"]

1. c4 {[%clk 1:26:57]} e5 {[%clk 1:30:52]} 2. g3 {[%clk 1:27:24]} Nc6
{[%clk 1:30:52]} 3. Bg2 {[%clk 1:27:43]} Bc5 {[%clk 1:31:18]} 4. a3
{[%clk 1:27:06]} d6 {[%clk 1:26:46]} 5. e3 {[%clk 1:19:03]} a6 {[%clk 1:25:39]}
6. Ne2 {[%clk 1:17:39]} Ba7 {[%clk 1:25:35]} 7. Nbc3 {[%clk 1:16:29]} Nge7
{[%clk 1:24:49]} 8. b4 {[%clk 1:15:32]} Be6 {[%clk 1:14:00]} 9. Nd5
{[%clk 1:09:08]} b5 {[%clk 1:14:18]} 10. d3 {[%clk 1:06:46]} Rb8 {[%clk 1:14:00]}
11. Nxe7 {[%clk 0:59:38]} Nxe7 {[%clk 1:14:14]} 12. cxb5 {[%clk 1:00:04]} axb5
{[%clk 1:12:47]} 13. a4 {[%clk 1:00:21]} Qd7 {[%clk 1:08:58]} 14. axb5
{[%clk 0:55:53]} Bb6 {[%clk 1:09:11]} 15. Nc3 {[%clk 0:55:05]} Bh3
{[%clk 1:09:19]} 16. O-O {[%clk 0:53:03]} Bxg2 {[%clk 1:05:11]} 17. Kxg2
{[%clk 0:53:28]} O-O {[%clk 1:05:34]} 18. Ra3 {[%clk 0:51:04]} Ra8
{[%clk 0:46:30]} 19. Qb3 {[%clk 0:47:31]} Rxa3 {[%clk 0:41:14]} 20. Bxa3
{[%clk 0:47:26]} d5 {[%clk 0:41:23]} 21. e4 {[%clk 0:45:36]} d4 {[%clk 0:33:03]}
22. Nb1 {[%clk 0:40:57]} Ng6 {[%clk 0:31:08]} 23. h3 {[%clk 0:38:44]} Qxb5
{[%clk 0:31:27]} 24. Nd2 {[%clk 0:38:43]} Kh8 {[%clk 0:27:15]} 25. Qc4
{[%clk 0:34:12]} Qd7 {[%clk 0:23:21]} 26. b5 {[%clk 0:32:01]} Rb8
{[%clk 0:18:38]} 27. Bb4 {[%clk 0:30:43]} h6 {[%clk 0:17:37]} 28. Ra1
{[%clk 0:30:51]} Re8 {[%clk 0:14:19]} 29. Ra6 {[%clk 0:28:40]} Kh7
{[%clk 0:13:53]} 30. Qd5 {[%clk 0:25:51]} Qc8 {[%clk 0:03:35]} 31. Qxf7
{[%clk 0:23:46]} Re6 {[%clk 0:04:03]} 32. Nc4 {[%clk 0:20:41]} Rf6
{[%clk 0:03:21]} 33. Qd5 {[%clk 0:20:06]} c6 {[%clk 0:01:42]} 34. Nxb6
{[%clk 0:19:06]} Nh4+ {[%clk 0:01:06]} 35. gxh4 {[%clk 0:19:06]} Qe8
{[%clk 0:01:34]} 36. Qd7 {[%clk 0:17:27]} Qh5 {[%clk 0:02:02]} 37. Qg4
{[%clk 0:09:36]} Rg6 {[%clk 0:02:30]} 38. f3 {[%clk 0:10:01]} Rxg4+
{[%clk 0:00:45]} 39. hxg4 {[%clk 0:10:15]} Qf7 {[%clk 0:01:13]} 40. Nc4
{[%clk 0:36:34]} cxb5 {[%clk 0:31:23]} 41. Nxe5 {[%clk 0:36:55]} Qf4
{[%clk 0:28:56]} 42. Ng6 {[%clk 0:36:15]} Qc1 {[%clk 0:27:51]} 43. h5
{[%clk 0:35:02]} Qc2+ {[%clk 0:18:00]} 44. Kg3 {[%clk 0:34:04]} Qc1
{[%clk 0:12:28]} 45. Bd6 {[%clk 0:30:08]} Kg8 {[%clk 0:12:57]} 46. Ba3
{[%clk 0:19:31]} Qg1+ {[%clk 0:05:56]} 47. Kf4 {[%clk 0:19:48]} Qh2+
{[%clk 0:06:15]} 48. Kf5 {[%clk 0:20:00]} Qb8 {[%clk 0:06:43]} 49. Ne7+
{[%clk 0:19:37]} Kh7 {[%clk 0:07:10]} 50. Bb4 {[%clk 0:15:35]} Qf8+
{[%clk 0:04:53]} 51. Ke5 {[%clk 0:15:56]} Qxf3 {[%clk 0:05:20]} 52. Rg6
{[%clk 0:15:52]} Qg3+ {[%clk 0:03:15]} 53. Kxd4 {[%clk 0:15:42]} Qf2+
{[%clk 0:03:43]} 54. Kd5 {[%clk 0:15:51]} Qa2+ {[%clk 0:04:06]} 55. Kd6
{[%clk 0:16:00]} Qb3 {[%clk 0:03:32]} 56. Nd5 {[%clk 0:16:10]} Qxd3
{[%clk 0:04:00]} 57. Bc3 {[%clk 0:15:31]} b4 {[%clk 0:04:22]} 58. Rxg7+
{[%clk 0:15:28]} Kh8 {[%clk 0:04:49]} 59. Be5 {[%clk 0:15:18]} Qa6+
{[%clk 0:04:48]} 60. Kd7 {[%clk 0:15:14]} Qb7+ {[%clk 0:03:50]} 61. Ke6
{[%clk 0:14:41]} Qa6+ {[%clk 0:03:58]} 62. Kf5 {[%clk 0:14:17]} Qf1+
{[%clk 0:04:25]} 63. Kg6 {[%clk 0:14:29]} 1-0

[Event "Ekstraliga 2021"]
[Site "Legnica"]
[Date "2021.10.10"]
[Round "9.4"]
[White "Kriebel, Tadeas"]
[Black "Mikrut, Dariusz"]
[Result "1-0"]
[BlackElo "2379"]
[WhiteElo "2526"]
[WhiteTeam "Miedz Legnica"]
[BlackTeam "Dwie Wieze Krakow"]
[LiveChessVersion "1.4.8"]

1. e4 {[%clk 1:30:57]} c5 {[%clk 1:29:58]} 2. Nf3 {[%clk 1:30:54]} d6
{[%clk 1:30:14]} 3. d4 {[%clk 1:30:51]} cxd4 {[%clk 1:30:38]} 4. Qxd4
{[%clk 1:31:08]} Nc6 {[%clk 1:31:01]} 5. Bb5 {[%clk 1:31:30]} Bd7
{[%clk 1:31:26]} 6. Bxc6 {[%clk 1:31:54]} Bxc6 {[%clk 1:31:52]} 7. Nc3
{[%clk 1:32:04]} Nf6 {[%clk 1:32:09]} 8. Bg5 {[%clk 1:32:26]} e6 {[%clk 1:32:22]}
9. O-O-O {[%clk 1:32:49]} h6 {[%clk 1:30:10]} 10. Bh4 {[%clk 1:31:14]} Be7
{[%clk 1:29:34]} 11. Qd3 {[%clk 1:31:29]} O-O {[%clk 1:26:53]} 12. Nd4
{[%clk 1:28:49]} Qa5 {[%clk 1:16:49]} 13. Kb1 {[%clk 1:25:55]} Rfe8
{[%clk 1:01:37]} 14. f3 {[%clk 1:15:50]} Rac8 {[%clk 0:48:48]} 15. Be1
{[%clk 1:10:15]} Qd8 {[%clk 0:44:33]} 16. g4 {[%clk 1:05:34]} Nd7
{[%clk 0:43:54]} 17. h4 {[%clk 0:59:52]} Bf8 {[%clk 0:37:34]} 18. Bg3
{[%clk 0:45:59]} d5 {[%clk 0:31:47]} 19. exd5 {[%clk 0:40:34]} Nc5
{[%clk 0:29:45]} 20. Qd2 {[%clk 0:30:24]} Bxd5 {[%clk 0:29:31]} 21. Qf2
{[%clk 0:30:45]} a6 {[%clk 0:26:37]} 22. Rhe1 {[%clk 0:29:14]} Qa5
{[%clk 0:21:23]} 23. Nxd5 {[%clk 0:28:31]} exd5 {[%clk 0:21:46]} 24. Qd2
{[%clk 0:18:05]} Qxd2 {[%clk 0:19:51]} 25. Rxd2 {[%clk 0:18:31]} Rxe1+
{[%clk 0:17:26]} 26. Bxe1 {[%clk 0:18:17]} Ne6 {[%clk 0:14:58]} 27. Ne2
{[%clk 0:17:45]} Rd8 {[%clk 0:15:06]} 28. Bf2 {[%clk 0:16:52]} g6
{[%clk 0:15:18]} 29. a3 {[%clk 0:13:33]} Bg7 {[%clk 0:15:24]} 30. Nc1
{[%clk 0:13:29]} Bf6 {[%clk 0:11:34]} 31. Na2 {[%clk 0:13:21]} h5
{[%clk 0:10:57]} 32. Nb4 {[%clk 0:09:41]} d4 {[%clk 0:11:19]} 33. Re2
{[%clk 0:08:19]} Nf4 {[%clk 0:07:35]} 34. Rd2 {[%clk 0:08:45]} hxg4
{[%clk 0:05:32]} 35. fxg4 {[%clk 0:09:04]} Ng2 {[%clk 0:05:15]} 36. g5
{[%clk 0:06:09]} Bg7 {[%clk 0:05:37]} 37. Re2 {[%clk 0:06:09]} Nf4
{[%clk 0:04:36]} 38. Re7 {[%clk 0:06:05]} b5 {[%clk 0:04:53]} 39. Nd3
{[%clk 0:01:03]} Nxd3 {[%clk 0:03:45]} 40. cxd3 {[%clk 0:31:30]} Rd5
{[%clk 0:33:23]} 41. Re4 {[%clk 0:25:34]} Be5 {[%clk 0:31:25]} 42. Kc2
{[%clk 0:25:30]} f6 {[%clk 0:31:26]} 43. gxf6 {[%clk 0:25:34]} Kf7
{[%clk 0:31:50]} 44. Kd1 {[%clk 0:23:03]} Kxf6 {[%clk 0:30:22]} 45. Ke2
{[%clk 0:23:15]} Kf5 {[%clk 0:30:25]} 46. Kf3 {[%clk 0:23:22]} Rd8
{[%clk 0:22:45]} 47. Rg4 {[%clk 0:20:30]} Bf6 {[%clk 0:22:26]} 48. Rf4+
{[%clk 0:20:38]} Ke6 {[%clk 0:22:36]} 49. Ke4 {[%clk 0:20:21]} Re8
{[%clk 0:20:24]} 50. Bxd4 {[%clk 0:19:01]} Bxd4 {[%clk 0:18:00]} 51. Kxd4
{[%clk 0:19:26]} Rd8+ {[%clk 0:18:12]} 52. Ke4 {[%clk 0:19:22]} Rc8
{[%clk 0:18:28]} 53. Rg4 {[%clk 0:17:16]} Kf6 {[%clk 0:17:36]} 54. d4
{[%clk 0:15:11]} Rc2 {[%clk 0:17:58]} 55. b4 {[%clk 0:10:13]} Ra2
{[%clk 0:17:19]} 56. Rf4+ {[%clk 0:09:35]} Ke7 {[%clk 0:17:44]} 57. Kd5
{[%clk 0:06:22]} Rxa3 {[%clk 0:17:43]} 58. Re4+ {[%clk 0:06:46]} Kd7
{[%clk 0:17:47]} 59. Re6 {[%clk 0:06:17]} Rh3 {[%clk 0:11:05]} 60. Rxg6
{[%clk 0:05:47]} Rxh4 {[%clk 0:11:27]} 61. Kc5 {[%clk 0:05:49]} Rh1
{[%clk 0:04:04]} 62. Rxa6 {[%clk 0:06:05]} Rc1+ {[%clk 0:04:11]} 63. Kxb5
{[%clk 0:06:27]} Rc8 {[%clk 0:04:13]} 64. Rh6 {[%clk 0:06:26]} Rg8
{[%clk 0:04:17]} 65. Kc5 {[%clk 0:06:46]} Rg1 {[%clk 0:03:31]} 66. Kb6
{[%clk 0:06:14]} Rd1 {[%clk 0:03:53]} 67. b5 {[%clk 0:05:50]} Rxd4
{[%clk 0:04:16]} 68. Kb7 {[%clk 0:06:16]} Rg4 {[%clk 0:03:45]} 69. b6
{[%clk 0:06:36]} Rg7 {[%clk 0:01:05]} 70. Ka8 {[%clk 0:06:05]} Rg4
{[%clk 0:00:31]} 71. b7 {[%clk 0:05:47]} Ra4+ {[%clk 0:00:59]} 72. Kb8
{[%clk 0:06:07]} Ra2 {[%clk 0:01:21]} 73. Rh1 {[%clk 0:06:16]} Ra3
{[%clk 0:01:40]} 74. Rd1+ {[%clk 0:06:35]} Ke7 {[%clk 0:02:05]} 75. Rd4
{[%clk 0:05:43]} Ra2 {[%clk 0:02:20]} 76. Kc7 {[%clk 0:05:20]} Rc2+
{[%clk 0:02:43]} 77. Kb6 {[%clk 0:05:24]} Rb2+ {[%clk 0:03:04]} 78. Kc6
{[%clk 0:05:39]} Rb1 {[%clk 0:03:30]} 79. Rd5 {[%clk 0:05:51]} 1-0

[Event "Ekstraliga 2021"]
[Site "Legnica"]
[Date "2021.10.10"]
[Round "9.5"]
[White "Nguyen, Piotr"]
[Black "Bobras, Piotr"]
[Result "0-1"]
[BlackElo "2500"]
[WhiteElo "2397"]
[WhiteTeam "Dwie Wieze Krakow"]
[BlackTeam "Miedz Legnica"]
[LiveChessVersion "1.4.8"]

1. c4 {[%clk 1:30:57]} g6 {[%clk 1:30:30]} 2. g3 {[%clk 1:31:17]} Bg7
{[%clk 1:30:53]} 3. Bg2 {[%clk 1:31:43]} c5 {[%clk 1:30:52]} 4. Nf3
{[%clk 1:31:29]} Nc6 {[%clk 1:31:07]} 5. Nc3 {[%clk 1:31:48]} d6 {[%clk 1:31:09]}
6. O-O {[%clk 1:28:45]} Bf5 {[%clk 1:30:31]} 7. a3 {[%clk 1:26:41]} Qd7
{[%clk 1:26:43]} 8. b4 {[%clk 1:24:50]} Nf6 {[%clk 1:11:10]} 9. bxc5
{[%clk 1:13:45]} dxc5 {[%clk 1:10:55]} 10. Bb2 {[%clk 1:12:51]} O-O
{[%clk 1:07:50]} 11. Qb3 {[%clk 1:09:21]} Na5 {[%clk 0:48:28]} 12. Qa2
{[%clk 1:07:58]} Bh3 {[%clk 0:47:51]} 13. Ne5 {[%clk 0:33:18]} Qf5
{[%clk 0:40:42]} 14. e4 {[%clk 0:24:40]} Qxe5 {[%clk 0:12:57]} 15. Bxh3
{[%clk 0:25:07]} Nxe4 {[%clk 0:12:54]} 16. Rae1 {[%clk 0:22:07]} Nxc3
{[%clk 0:13:00]} 17. Bxc3 {[%clk 0:22:33]} Qh5 {[%clk 0:12:16]} 18. Bxg7
{[%clk 0:20:53]} Kxg7 {[%clk 0:12:17]} 19. Bg2 {[%clk 0:21:05]} e6
{[%clk 0:10:04]} 20. Qa1+ {[%clk 0:15:05]} Kg8 {[%clk 0:10:08]} 21. Re5
{[%clk 0:13:40]} Qh6 {[%clk 0:07:37]} 22. Qc3 {[%clk 0:13:15]} b6
{[%clk 0:06:16]} 23. Bxa8 {[%clk 0:10:33]} Rxa8 {[%clk 0:06:44]} 24. Qf3
{[%clk 0:07:31]} Rc8 {[%clk 0:06:26]} 25. d3 {[%clk 0:07:28]} Nc6
{[%clk 0:06:44]} 26. Re3 {[%clk 0:07:46]} Qf8 {[%clk 0:03:25]} 27. h4
{[%clk 0:07:30]} Qe7 {[%clk 0:02:29]} 28. h5 {[%clk 0:05:01]} Nd4
{[%clk 0:01:41]} 29. Qh1 {[%clk 0:05:04]} Nf5 {[%clk 0:01:34]} 30. Re4
{[%clk 0:03:52]} Qg5 {[%clk 0:01:15]} 31. Qf3 {[%clk 0:02:07]} Rd8
{[%clk 0:01:18]} 32. Kg2 {[%clk 0:01:56]} Qxh5 {[%clk 0:00:57]} 33. Qf4
{[%clk 0:00:47]} Nd6 {[%clk 0:00:33]} 34. Re5 {[%clk 0:00:36]} Nf5
{[%clk 0:00:31]} 35. Rh1 {[%clk 0:00:38]} g5 {[%clk 0:00:50]} 36. Qd2
{[%clk 0:00:37]} Qg4 {[%clk 0:00:31]} 37. Qc1 {time} 0-1

[Event "Ekstraliga 2021"]
[Site "Legnica"]
[Date "2021.10.10"]
[Round "9.6"]
[White "Kiolbasa, Oliwia"]
[Black "Osmak, Iulija"]
[Result "1-0"]
[BlackElo "2423"]
[WhiteElo "2376"]
[WhiteTeam "Miedz Legnica"]
[BlackTeam "Dwie Wieze Krakow"]
[LiveChessVersion "1.4.8"]

1. e4 {[%clk 1:30:55]} e6 {[%clk 1:31:25]} 2. d4 d5 {[%clk 1:31:51]} 3. e5
{[%clk 1:31:12]} c5 {[%clk 1:32:12]} 4. c3 {[%clk 1:31:20]} Qb6 {[%clk 1:32:36]}
5. Nf3 {[%clk 1:30:12]} Nc6 6. Bd3 {[%clk 1:29:14]} Bd7 {[%clk 1:25:51]} 7. O-O
{[%clk 1:28:15]} cxd4 {[%clk 1:12:45]} 8. Re1 {[%clk 1:27:48]} Nge7
{[%clk 1:08:22]} 9. h4 Nf5 10. Bxf5 {[%clk 1:25:51]} exf5 {[%clk 1:08:46]} 11.
cxd4 h6 {[%clk 1:07:43]} 12. Nc3 {[%clk 1:19:41]} Be6 {[%clk 1:08:01]} 13. Rb1
{[%clk 1:06:53]} Be7 {[%clk 1:00:18]} 14. b4 {[%clk 0:50:48]} Qd8
{[%clk 0:44:05]} 15. Qa4 g5 {[%clk 0:44:24]} 16. b5 {[%clk 0:44:17]} Nb8 17. b6+
{[%clk 0:40:32]} Nc6 {[%clk 0:43:58]} 18. Nb5 {[%clk 0:39:46]} Kf8
{[%clk 0:43:35]} 19. Nc7 {[%clk 0:34:50]} g4 {[%clk 0:37:03]} 20. Nd2
{[%clk 0:29:35]} Bxh4 {[%clk 0:25:11]} 21. Nxa8 {[%clk 0:27:53]} Qxa8
{[%clk 0:24:50]} 22. bxa7 {[%clk 0:22:51]} Kg7 {[%clk 0:25:07]} 23. Ba3
{[%clk 0:21:16]} Nxa7 {[%clk 0:21:14]} 24. Bc5 {[%clk 0:20:47]} Nc6
{[%clk 0:22:08]} 25. Qxa8 {[%clk 0:20:33]} Rxa8 26. a3 Bc8 {[%clk 0:20:50]} 27.
Nf1 {[%clk 0:20:01]} Ra4 {[%clk 0:19:08]} 28. Ne3 {[%clk 0:14:35]} Nxd4 29. Rb4
{[%clk 0:15:03]} Rxb4 {[%clk 0:12:47]} 30. axb4 Nb3 {[%clk 0:06:43]} 31. Nxd5
{[%clk 0:14:31]} Bg5 32. Rd1 {[%clk 0:11:27]} Be6 {[%clk 0:04:14]} 33. Nc7
{[%clk 0:10:36]} Bc8 34. Ne8+ {[%clk 0:10:08]} Kg6 {[%clk 0:04:02]} 35. Nd6
{[%clk 0:10:04]} Be6 {[%clk 0:03:37]} 36. Nxb7 Bf4 37. Bd6 {[%clk 0:08:50]} g3
{[%clk 0:03:40]} 38. fxg3 {[%clk 0:07:58]} Bxg3 {[%clk 0:03:33]} 39. Nc5 Bf4
{[%clk 0:32:41]} 40. Nxe6 {[%clk 0:34:21]} fxe6 41. b5 {[%clk 0:30:45]} Be3+
{[%clk 0:29:54]} 42. Kf1 {[%clk 0:26:26]} f4 {[%clk 0:30:08]} 43. Bc7
{[%clk 0:25:21]} Nd2+ 44. Ke2 {[%clk 0:22:55]} Ne4 {[%clk 0:30:51]} 45. Rd3 Kf5
{[%clk 0:30:24]} 46. b6 {[%clk 0:22:47]} Nc5 {[%clk 0:29:37]} 47. Rd8
{[%clk 0:20:47]} Ke4 {[%clk 0:29:57]} 48. Bd6 {[%clk 0:19:31]} Nb7
{[%clk 0:28:49]} 49. Rd7 {[%clk 0:19:45]} Nxd6 {[%clk 0:28:09]} 50. Rxd6
{[%clk 0:18:29]} Kxe5 {[%clk 0:28:34]} 51. b7 {[%clk 0:18:49]} 1-0